Development credit agreement (Purna irrigation project) between India and International Development Association : (Record no. 628571)
[ view plain ]
| 000 -LEADER | |
|---|---|
| fixed length control field | 01139nam a2200337 a 4500 |
| 001 - CONTROL NUMBER | |
| control field | vtls000775026 |
| 003 - CONTROL NUMBER IDENTIFIER | |
| control field | NLI |
| 005 - DATE AND TIME OF LATEST TRANSACTION | |
| control field | 20210627050920.0 |
| 008 - FIXED-LENGTH DATA ELEMENTS--GENERAL INFORMATION | |
| fixed length control field | 110319s1981 dcu i000 0 eng |
| 039 #9 - LEVEL OF BIBLIOGRAPHIC CONTROL AND CODING DETAIL [OBSOLETE] | |
| -- | 201103192032 |
| -- | VLOAD |
| 040 ## - CATALOGING SOURCE | |
| Original cataloging agency | NLI |
| Transcribing agency | VTLS-2010_FOD |
| Description conventions | AACR2 |
| 040 ## - CATALOGING SOURCE | |
| Original cataloging agency | Final A |
| 041 0# - LANGUAGE CODE | |
| Language code of text/sound track or separate title | eng |
| 044 ## - COUNTRY OF PUBLISHING/PRODUCING ENTITY CODE | |
| MARC country code | dcu |
| 082 04 - DEWEY DECIMAL CLASSIFICATION NUMBER | |
| Classification number | 332.15 |
| 245 00 - TITLE STATEMENT | |
| Title | Development credit agreement (Purna irrigation project) between India and International Development Association : |
| Remainder of title | dated July 18, 1962 |
| 260 ## - PUBLICATION, DISTRIBUTION, ETC. | |
| Place of publication, distribution, etc. | Washington, D.C : |
| Name of publisher, distributor, etc. | International Development Association, |
| Date of publication, distribution, etc. | 1981 |
| 300 ## - PHYSICAL DESCRIPTION | |
| Extent | 12 p. ; |
| Dimensions | 30 cm. |
| 500 ## - GENERAL NOTE | |
| General note | Conformed copy |
| 500 ## - GENERAL NOTE | |
| General note | Conformed copy of Development credit agreement, Number 23 IN |
| 500 ## - GENERAL NOTE | |
| General note | Cover title |
| 650 #0 - SUBJECT ADDED ENTRY--TOPICAL TERM | |
| Topical term or geographic name entry element | Loans |
| General subdivision | Foreign |
| -- | Developing countries |
| 650 #0 - SUBJECT ADDED ENTRY--TOPICAL TERM | |
| Topical term or geographic name entry element | International finance |
| 710 2# - ADDED ENTRY--CORPORATE NAME | |
| Corporate name or jurisdiction name as entry element | International Development Association (Washington) |
| Relationship | pbl |
| 710 2# - ADDED ENTRY--CORPORATE NAME | |
| Corporate name or jurisdiction name as entry element | World Bank (Washington) |
| 887 ## - NON-MARC INFORMATION FIELD | |
| Content of non-MARC field | |
| 901 ## - LOCAL DATA ELEMENT A, LDA (RLIN) | |
| a | UN-35115 |
| b | 29.06.2010 |
| 902 ## - LOCAL DATA ELEMENT B, LDB (RLIN) | |
| a | U.N 332.15 Ag 84 d (23 In) |
| 949 ## - LOCAL PROCESSING INFORMATION (OCLC) | |
| -- | VIRTUAITEM |
| -- | 10002 |
| -- | 100 |
| 6 | UNX000035115ENG |
| 942 ## - ADDED ENTRY ELEMENTS (KOHA) | |
| Source of classification or shelving scheme | Dewey Decimal Classification |
| Koha item type | Books |
| Withdrawn status | Lost status | Damaged status | Not for loan | Collection code | Home library | Current library | Shelving location | Date acquired | Total Checkouts | Full call number | Barcode | Date last seen | Price effective from | Koha item type |
|---|---|---|---|---|---|---|---|---|---|---|---|---|---|---|
| United Nations | National Library of India | National Library of India | Foreign Official Documents - United Nations | U.N 332.15 Ag 84 d (23 In) | UNX000035115ENG | 27/06/2021 | 27/06/2021 | Books |
